000 00691nam a22001937a 4500
999 _c35168
_d35168
003 OSt
005 20250307213025.0
008 240604b ||||| |||| 00| 0 eng d
040 _aBMC
_cBMC
082 _a651.73
245 0 0 _aTeletrabajo en El Salvador
_b: factibilidad y retos ante la pandemia de COVID-19
_cMaría José Erazo, investigadora; Diana Contreras, coordinadora de la investigación
260 _aSan Salvador, El Salvador
_bSIMEL
_c2021?
300 _a27 p.
_c28 cm
650 2 4 _927208
_aTeletrabajo
700 1 _948687
_aErazo, María José
700 1 _948688
_aContreras, Diana
710 _940384
_aEl Salvador
_bMinisterio de Trabajo y Previsión Social
942 _2ddc
_cPR